| 000 | 00801nam a2200193Ia 4500 | ||
|---|---|---|---|
| 008 | 0000001982 sp a 0000000000spa00 | ||
| 090 | _aPSP00 A77e1 | ||
| 100 | 1 |
_aArroyo, Eduardo _d1937 |
|
| 245 | 1 | 0 |
_aEduardo Arroyo _b: 20 años de pintura, 1962-1982 |
| 300 |
_a143 p. _c/ 31 cm. |
||
| 500 | _aExposición realizada en Salas Pablo Ruiz Picasso, Madrid, MayoJunio, 1982 \ Con el patronazgo del maestro venezolano Jesús Rafael Soto (q.e.p.d.) | ||
| 600 | 0 | 0 |
_aARROYO, EDUARDO, 1937 / _xTRABAJOS PICTORICOS |
| 650 | 1 | 4 | _aARTE CONTEMPORANEO ESPAÑOL |
| 650 | 1 | 4 | _xCATALOGOS |
| 650 | 1 | 4 | _xEXPOSICIONES |
| 650 | 1 | 4 | _aPINTORES ESPAÑOLES |
| 650 | 1 | 4 | _aPINTURA ESPAÑOLA |
| 999 |
_c2392 _d2392 |
||
| 260 |
_aMadrid : Ministerio de Cultura, Dirección General de Bellas Artes, Archivos y Bibliotecas _c1982 |
||